000 nam a22 a 4500
999 _c606
_d606
003 AKMAL
005 20170504122634.0
008 170504s1985 xxk 00 eng d
020 _a014013784X (pbk.)
040 _aAKMAL
082 0 4 _a158.1` BON
090 _a158.1
_bBON
100 1 _aDe Bono, Edward,
_d1933-
_91066
245 1 0 _aSix thinking hats /
_cEdwards De Bono
260 _aMiddlesex, England :
_bPenguin Group,
_c1985
300 _a207p. ;
_c20cm
650 _aCreative thinking
_91035
650 _aProblem solving
_91043
942 _2ddc
_cBOOK